Statistics for Capital Cities with A and N in first three letters

Click here to take the quiz!

General Stats

  • This quiz has been taken 59 times
  • The average score is 14 of 23

Answer Stats

Answer% Correct
Bangkok
73%
Santiago
73%
Santo Domingo
73%
Ankara
70%
Canberra
70%
Antananarivo
68%
Andorra la Vella
65%
Hanoi
65%
Panama City
65%
Nairobi
63%
San José
63%
San Marino
63%
Manila
60%
Sana'a
60%
Managua
58%
San Salvador
58%
Bangui
55%
Banjul
55%
Manama
48%
Bandar Seri Begawan
45%
Nassau
43%
Niamey
35%
Naypyidaw
30%

Score Distribution

Percentile by Number Answered

Percent of People with Each Score

Your Score History

You have not taken this quiz